| 000 | 00660nam a2200241Ia 4500 | ||
|---|---|---|---|
| 003 | OSt | ||
| 005 | 20221007074932.0 | ||
| 006 | a|||||r|||| 00| 0 | ||
| 007 | ta | ||
| 008 | 221006b |||||||| |||| 00| 0 eng d | ||
| 024 | _a9,003 | ||
| 037 | _cTextual | ||
| 040 |
_aFLL _cFLL _beng |
||
| 041 |
_2eng _aeng |
||
| 082 | _aX724:Z2, N7 | ||
| 100 |
_aBharat's Au. _9693324 |
||
| 245 | 0 | _aFiling of indcome tax return | |
| 260 |
_aNew Delhi _bBharat law house India _c1997 |
||
| 300 |
_a118p _ccm. |
||
| 700 |
_a Rajaratnam S. Au. _9693325 |
||
| 942 |
_hX724:Z2, N7 _cTEXL _2CC |
||
| 999 |
_c1154210 _d1154210 |
||